Catalog

Record Details

Catalog Search



The penultimate peril / by Lemony Snicket ; ... Read More

Snicket, Lemony(Author).
Helquist, Brett.(Added Author).

Available copies

  • 7 of 7 copies available at LARL/NWRL Consortium.
  • 2 of 2 copies available at Lake Agassiz Regional Library. (Show preferred library)

Current holds

0 current holds with 7 total copies.

Show Only Available Copies
Location Call Number / Copy Notes Barcode Shelving Location Status Due Date
Crookston Public Library J SNI (Text) 33500014040232 Main Available -
Moorhead Public Library J SNI (Text) 33500014040240 Main Available -
Godel Memorial-Warren Library j SNI (Text) 35500006494189 Main Available -
Greenbush Public Library j SNI (Text) 35500003690706 Main Available -
Karlstad LINK Site j SNI (Text) 35500003680566 Main Available -
Red Lake Falls Public Library j SNI (Text) 35500003680525 Main Available -
Thief River Falls Public Library j SNI (Text) 35500003680541 Main Available -

Record details

  • ISBN: 9780064410151
  • ISBN: 0064410153 (trade bdg.)
  • ISBN: 0060296437 (lib. bdg.)
  • ISBN: 9780060296438
  • Physical Description: 353 p. : ill. ; 19 cm.
  • Edition: 1st ed.
  • Publisher: New York : HarperCollins, 2005.

Content descriptions

Summary, etc.:
The Baudelaire orphans disguise themselves as ... Read More
Subject: Baudelaire, Violet (Fictitious character) > Juvenile fiction.
Baudelaire, Klaus (Fictitious character) > Juvenile fiction.
Baudelaire, Sunny (Fictitious character) > Juvenile fiction.
Orphans > Juvenile fiction.
Brothers and sisters > Juvenile fiction.
Hotels > Juvenile fiction.
Baudelaire, Violet (Fictitious character) > Fiction.
Baudelaire, Klaus (Fictitious character) > Fiction.
Baudelaire, Sunny (Fictitious character) > Fiction.
Orphans > Fiction.
Brothers and sisters > Fiction.
Hotels, motels, etc. > Fiction.
Humorous stories.
Genre: Humorous fiction.
LDR 03327cam a2200601Ia 4500
00161101
003LARL_NWRL_CONSORTIUM
00520240813143400.0
008051006s2005 nyua c 000 f eng d
020 . ‡a9780064410151
020 . ‡a0064410153 (trade bdg.)
020 . ‡a0060296437 (lib. bdg.)
020 . ‡a9780060296438
0243 . ‡a9780064410151 (trade bdg.)
0243 . ‡a9780060296438 (lib. bdg.)
035 . ‡a(OCoLC)61852142
08204. ‡a[Fic] ‡222
1001 . ‡aSnicket, Lemony ‡0(LARL_NWRL_CONSORTIUM)128721
24514. ‡aThe penultimate peril / ‡cby Lemony Snicket ; illustrations by Brett Helquist.
250 . ‡a1st ed.
260 . ‡aNew York : ‡bHarperCollins, ‡c2005.
300 . ‡a353 p. : ‡bill. ; ‡c19 cm.
4900 . ‡aSeries of unfortunate events ; ‡v12
520 . ‡aThe Baudelaire orphans disguise themselves as employees of the Hotel Denoument and find themselves pursued by the evil Count Olaf and by others.
650 0. ‡aBaudelaire, Violet (Fictitious character) ‡vJuvenile fiction.
650 0. ‡aBaudelaire, Klaus (Fictitious character) ‡vJuvenile fiction.
650 0. ‡aBaudelaire, Sunny (Fictitious character) ‡vJuvenile fiction.
650 0. ‡aOrphans ‡vJuvenile fiction. ‡0(LARL_NWRL_CONSORTIUM)166522
650 0. ‡aBrothers and sisters ‡vJuvenile fiction. ‡0(LARL_NWRL_CONSORTIUM)163775
650 0. ‡aHotels ‡vJuvenile fiction.
650 1. ‡aBaudelaire, Violet (Fictitious character) ‡vFiction.
650 1. ‡aBaudelaire, Klaus (Fictitious character) ‡vFiction.
650 1. ‡aBaudelaire, Sunny (Fictitious character) ‡vFiction.
650 1. ‡aOrphans ‡vFiction. ‡0(LARL_NWRL_CONSORTIUM)166482
650 1. ‡aBrothers and sisters ‡vFiction. ‡0(LARL_NWRL_CONSORTIUM)163634
650 1. ‡aHotels, motels, etc. ‡vFiction.
650 1. ‡aHumorous stories. ‡0(LARL_NWRL_CONSORTIUM)22555
655 7. ‡aHumorous fiction. ‡2gsafd
7001 . ‡aHelquist, Brett. ‡0(LARL_NWRL_CONSORTIUM)128720
901 . ‡a61101 ‡bOCLC ‡c61101 ‡tbiblio

Additional Resources